| 000 | 00752nam a22002177a 4500 | ||
|---|---|---|---|
| 008 | 151026b xxu||||| |||| 00| 0 eng d | ||
| 020 | _a 0205084230 | ||
| 050 |
_aLB1050.6 _b.K24 1985 |
||
| 100 | _a Kamil, Michael L | ||
| 245 |
_aUnderstanding reading and writing research / _cMichael L. Kamil, Judith A. Langer, Timothy Shanahan |
||
| 260 |
_aBoston : _bAllyn and Bacon, _c1985 |
||
| 300 |
_a xv, 199 p. : _bill. ; _c25 cm |
||
| 500 | _aIncludes bibliographies and indexes | ||
| 650 |
_aReading _xResearch _xMethodology |
||
| 650 |
_a Language arts _xResearch _xMethodology |
||
| 650 | _aEducational statistics | ||
| 650 | _aEducational surveys | ||
| 700 | _aLanger, Judith A | ||
| 700 | _aShanahan, Timothy | ||
| 942 |
_2lcc _cBK |
||
| 999 |
_c45247 _d45247 |
||